| 000 | 01024nam a2200265 i 4500 | ||
|---|---|---|---|
| 001 | 11548 | ||
| 003 | ES-MaACL | ||
| 005 | 20230906150126.0 | ||
| 007 | t| | ||
| 008 | 950823s1995 sp |||| | spa d | ||
| 020 | _a84-370-1972-9 | ||
| 080 | _a677(460.31):504 | ||
| 080 | _a684(460.31):504 | ||
| 080 | _a621.7/.9(460.31):504 | ||
| 245 | 0 | 0 |
_aCompetitividad, medio ambiente y estrategia industrial _b: los sectores metalmecánico, textil y del mueble de la industria valenciana ante la política medioambiental de la Unión Europea / _cJ.A. Tomás Carpi, ed. |
| 260 |
_aValencia : _bUniversitat, Servei de Publicacions, _c1995. |
||
| 300 |
_a2 v. ; _c17 cm. |
||
| 490 | 1 |
_aCultura universitària popular ; _v27-28 |
|
| 650 | 4 |
_aIndustria- _xAspectos ambientales- _zComunidad Valenciana. _9163156 |
|
| 700 | 1 |
_aTomás Carpi, Juan A. _9110512 |
|
| 710 | 2 |
_aUniversidad de Valencia. _97314 |
|
| 830 | 0 |
_aCultura universitària popular ; _v27-28 _9179154 |
|
| 852 |
_aES-MaACL _jL-18879-80 |
||
| 999 |
_c11548 _d11548 |
||